| 000 | 02346cam a2200433 a 4500 | ||
|---|---|---|---|
| 001 | ocn748579200 | ||
| 003 | TZ-ArACH | ||
| 005 | 20221007124950.0 | ||
| 008 | 110322s2010 tz a b 100 0 eng | ||
| 010 | _a 2011349177 | ||
| 020 | _a9987666027 | ||
| 020 | _a9789987666027 | ||
| 035 | _a(OCoLC)748579200 | ||
| 040 |
_aDLC _beng _cTZ-ArACH |
||
| 042 |
_apcc _alcode |
||
| 043 | _afe----- | ||
| 049 | _aTZAA | ||
| 050 | 0 | 0 |
_aJQ2945 _b.A91 2010 |
| 245 | 0 | 0 |
_aEast African integration : _bthe rise and rise of the East African Community / _cedited by Magaga Alot and Margrit Mueller. |
| 260 |
_aArusha, Tanzania : _bPublished by the Secretariat of the East African Community in conjunction with the German Agency for Technical Co-operation, _c2010. |
||
| 300 |
_aii, 194 pages : _bcolor illustrations ; _c21 cm |
||
| 500 | _aCover title. | ||
| 500 | _a"Proceedings of the EAC 10th Anniversary Symposium held at the Snowcrest Hotel, Arusha, 13-14 November 2009"--Page i. | ||
| 504 | _aIncludes bibliographical references. | ||
| 505 | 0 | 0 |
_tPan-Africanism and the challenge of East African community integration / _rby Issa G. Shivji -- _tPerspectives on pan Africanism and East African regional integration / _rby Dan Nabudere -- _tScience and technology as strategic driver of regional integration / _rby Fidele Kandikandi -- _tScience as a tool for people driven integration / _rby James Shikwati -- _tClimate change : global challenge and EAC response / _rJohn Mungai -- _tBenefits experienced by ordinary citizens from East African integration / _rby Regina G. Mwatha Karega -- _tEast African community -- the third round : a people, market, or state-driven regionalization project? / _rby Edward Oyugi. |
| 610 | 2 | 0 |
_aEast African Community _vCongresses. |
| 610 | 2 | 7 |
_aEast African Community. _2fast _918881 |
| 648 | 7 |
_aSince 1960 _2fast |
|
| 650 | 7 |
_aPolitics and government _2fast |
|
| 651 | 0 |
_aAfrica, Eastern _xPolitics and government _y1960- _vCongresses. |
|
| 651 | 6 |
_aAfrique orientale _xPolitique et gouvernement _y1960- _vCongres. |
|
| 651 | 7 |
_aEastern Africa. _2fast |
|
| 655 | 7 |
_aConference papers and proceedings. _2fast |
|
| 700 | 1 | _aAlot, Magaga. | |
| 700 | 1 | _aMueller, Margrit. | |
| 710 | 2 |
_aEast African Community. _bSecretariat. |
|
| 710 | 2 | _aDeutsche Gesellschaft f�ur Technische Zusammenarbeit. | |
| 942 |
_2lcc _cBOOK |
||
| 999 |
_c6769 _d6769 |
||